| 000 | 00440nam a2200169Ia 4500 | ||
|---|---|---|---|
| 003 | GCL | ||
| 008 | 140319s9999 xx 000 0 eng d | ||
| 040 |
_aGCL / _cGCL |
||
| 082 | 0 | 4 |
_a796.7 _bW U |
| 100 | 1 | _aWILSON, HUGO | |
| 245 | 1 | 0 |
_aTHE ULTIMATE MOTORCYCLE BOOK / _cWILSON, HUGO |
| 260 |
_a[S.N] : _bDORLING KINDERSLEY ، _c1993 |
||
| 300 | _a192 P | ||
| 650 | 0 | 4 | _aMOTORCYCLES |
| 650 | 0 | 4 | _aMOTORCYCLE - ENGINEERING |
| 942 |
_2ddc _cBK |
||
| 999 |
_c22367 _d22367 |
||